000 00892nam a22002417a 4500
999 _c19028
_d19028
003 AR-CdUCM
008 190516b ||||| |||| 00| 0 spa d
040 _aMUNICIPALIDAD PROVINCIAL DEL CUSCO
_cBIBLIOTECA MUNICIPAL DEL CUSCO
082 _a574 /
_bL22
100 _aLandsberg, Helmut E.
_940079
245 _aEl tiempo y la salud /
260 _aBuenos Aires :
_bUniversitaria,
_c1972.
300 _a175 paginas ;
_bDiagramas,
_c19 cm.
500 _aTitulo original : Weather and health
505 _aContenido :La atmósfera esencial -- El aire y la altura -- Sol y quemaduras de sol -- El medio ambiente y el hombre -- Haciendo frente al frió...
650 _aEl tiempo
_939985
650 _aEl ambiente
_940080
650 _aEl clima
_940081
650 _aAlimentacion
_919429
700 _aJurado, Alicia (Traducción)
_940082
942 _2ddc
_cLIBROS
945 _awnts
_d2019-05-16